000 00425cam a22001331 4500
050 0 0 _aDA 566.9 .C 5
_bA 396
245 0 0 _aWinston S. Churchill: youth, 1874-1900.
_cChurchil, Randolph S.
260 _aUnited State of America:
_c1966,
_bBoston.xxxxvii
300 _axxxxvii, 614 p.:
500 _a"A Documents of history portfolio."
500 _aIn portfolio; title from portfolio.
650 0 _xPortraits.
942 _2lcc
_cGEN
999 _c12491
_d12491